000 00367 a2200169 4500
001 183561
020 _a978-85-08-12025-3
040 _cMagnum
100 _aScliar, Moacyr
240 1 0 _aO sertão vai virar mar
_lpor
245 1 0 _aO sertão vai virar mar
300 _a107
362 0 _a2012
440 1 _aÁtica
697 _aLITERATURA JUVENIL
942 _cBK
999 _c183561
_d183561